Prisoner of the ant people / (Record no. 7753)
[ view plain ]
| 000 -LEADER | |
|---|---|
| fixed length control field | 01231nam a22003377a 4500 |
| 001 - CONTROL NUMBER | |
| control field | 7753 |
| 003 - CONTROL NUMBER IDENTIFIER | |
| control field | FISKH |
| 005 - DATE AND TIME OF LATEST TRANSACTION | |
| control field | 20250805082957.0 |
| 008 - FIXED-LENGTH DATA ELEMENTS--GENERAL INFORMATION | |
| fixed length control field | 250805b cb ||||| |||| 00| 0 eng d |
| 020 ## - INTERNATIONAL STANDARD BOOK NUMBER | |
| International Standard Book Number | 055323661x |
| 040 ## - CATALOGING SOURCE | |
| Original cataloging agency | RCL |
| Transcribing agency | RCL |
| Modifying agency | OCL |
| -- | JYJ |
| -- | BGU |
| -- | BTCTA |
| -- | DLC |
| Language of cataloging | eng |
| 050 ## - LIBRARY OF CONGRESS CALL NUMBER | |
| Classification number | PZ7.M7684 |
| 082 ## - DEWEY DECIMAL CLASSIFICATION NUMBER | |
| Classification number | 813 |
| 100 1# - MAIN ENTRY--PERSONAL NAME | |
| Personal name | Montgomery, R. A. |
| Dates associated with a name | (1936–2014) |
| 245 10 - TITLE STATEMENT | |
| Title | Prisoner of the ant people / |
| Statement of responsibility, etc. | By R.A. Montgomery ; illustrated by Ralph Reese. |
| 250 ## - EDITION STATEMENT | |
| Edition statement | This edition first published in 1983 |
| 260 ## - PUBLICATION, DISTRIBUTION, ETC. | |
| Place of publication, distribution, etc. | New York : |
| Name of publisher, distributor, etc. | Bantam Books, |
| Date of publication, distribution, etc. | 1983. |
| 300 ## - PHYSICAL DESCRIPTION | |
| Extent | 115 pages : |
| Other physical details | illustrations ; |
| Dimensions | 18 cm |
| 440 #0 - SERIES STATEMENT/ADDED ENTRY--TITLE | |
| Title | Choose your own adventure ; |
| Volume/sequential designation | 25 |
| 490 0# - SERIES STATEMENT | |
| Series statement | A Bantam Book |
| 490 0# - SERIES STATEMENT | |
| Series statement | Bantam Books YA fiction |
| 505 ## - FORMATTED CONTENTS NOTE | |
| Formatted contents note | P<br/> |
| 520 ## - SUMMARY, ETC. | |
| Summary, etc. | Your mission with the Zondo Quest Group is to combat the Evil Power Master who has reportedly allied with the Ant People. Are your missing group members playing a prank or have the Ant People taken them prisoner?.<br/> |
| 521 8# - TARGET AUDIENCE NOTE | |
| Target audience note | 650<br/> |
| Source | Lexile<br/> |
| 521 8# - TARGET AUDIENCE NOTE | |
| Target audience note | P<br/> |
| Source | Raz-Plus<br/> |
| 650 #0 - SUBJECT ADDED ENTRY--TOPICAL TERM | |
| Topical term or geographic name entry element | Human-alien encounters |
| Form subdivision | Juvenile fiction. |
| 650 #0 - SUBJECT ADDED ENTRY--TOPICAL TERM | |
| Topical term or geographic name entry element | Literary recreations. |
| Source of heading or term | Fantasy. |
| 700 1# - ADDED ENTRY--PERSONAL NAME | |
| Personal name | Reese, Ralph |
| Dates associated with a name | illustrator |
| 942 ## - ADDED ENTRY ELEMENTS (KOHA) | |
| Source of classification or shelving scheme | Dewey Decimal Classification |
| Koha item type | Books |
| Suppress in OPAC | No |
| Withdrawn status | Lost status | Source of classification or shelving scheme | Damaged status | Not for loan | Collection | Home library | Current library | Shelving location | Date acquired | Total Checkouts | Full call number | Barcode | Date last seen | Copy number | Price effective from | Koha item type |
|---|---|---|---|---|---|---|---|---|---|---|---|---|---|---|---|---|
| Dewey Decimal Classification | Juvenile Fiction | Footprints International School Library Network Toul Tom Poung Campus | Footprints International School Library Network Toul Tom Poung Campus | TTP Primary Orange Bookshelves | 08/05/2025 | MON 813 PZ7.M7684 | FISBK00699 | 08/05/2025 | 1 | 08/05/2025 | Books |
